[Event "Barcelona Sants op-B 23rd"]
[Site "Barcelona"]
[Date "2022.08.27"]
[Round "9"]
[White "Torralba Brosa, Marc"]
[Black "Lambert Pont, Michael"]
[Result "0-1"]
[WhiteElo "1804"]
[BlackElo "1942"]
[PlyCount "72"]
[EventDate "2022.08.19"]
[EventType "swiss"]
[EventRounds "10"]
[EventCountry "ESP"]
[SourceTitle "EXT 2023"]
[Source "ChessBase"]
[SourceDate "2022.10.05"]
[SourceVersion "1"]
[SourceVersionDate "2022.10.05"]
[SourceQuality "1"]

1. e4 c5 2. Nf3 Nc6 3. d4 cxd4 4. Nxd4 g6 5. Nc3 Bg7 6. Be3 Nf6 7. Bc4 0-0 8. Bb3 Re8 9. h4 h5 10. f3 d5 11. exd5 Nb4 12. Nde2 e6 13. dxe6 Bxe6 14. Bxe6 Rxe6 15. Bc5 Nfd5 16. Kf2 Qc7 17. Bd4 Rd8 18. Bxg7 Nxc3 19. Bxc3 Rxd1 20. Raxd1 Qc5+ 21. Kg3 Nd5 22. Nd4 Nxc3 23. bxc3 Re3 24. Rhe1 Qxc3 25. Rxe3 Qxe3 26. Rd3 Qe1+ 27. Kh3 f6 28. f4 Kf7 29. Nf3 Qe6+ 30. Kg3 Qg4+ 31. Kf2 Qxf4 32. Rd7+ Ke6 33. Rxb7 g5 34. hxg5 fxg5 35. Kg1 g4 36. Nh4 g3 0-1

[Event "Roncana op-B 12th"]
[Site "Santa Eulalia de Roncana"]
[Date "2018.12.01"]
[Round "8"]
[White "Lambert Pont, Michael"]
[Black "Batalle Mompart, Carles"]
[Result "1-0"]
[WhiteElo "1348"]
[BlackElo "1540"]
[PlyCount "55"]
[EventDate "2018.09.29"]
[EventType "swiss"]
[EventRounds "8"]
[EventCountry "ESP"]
[SourceTitle "EXT 2022"]
[Source "ChessBase"]
[SourceDate "2021.10.06"]
[SourceVersion "1"]
[SourceVersionDate "2021.10.06"]
[SourceQuality "1"]

1. e4 e6 2. d4 d5 3. Nc3 Bb4 4. e5 c5 5. Bd2 a6 6. Qg4 Kf8 7. a3 cxd4 8. axb4 dxc3 9. Bxc3 Nh6 10. Qh5 Nf5 11. Bd3 Qh4 12. Qe2 Nd4 13. Bxd4 Qxd4 14. c3 Qf4 15. Nf3 f6 16. 0-0 Nd7 17. Rfe1 Ke7 18. exf6+ Qxf6 19. Nd4 e5 20. Nc2 e4 21. f3 Ne5 22. fxe4 Bg4 23. Qe3 dxe4 24. Qxe4 Kd6 25. Qd4+ Ke6 26. Qxg4+ Kd6 27. Qd4+ Ke6 28. Bc4+ 1-0

[Event "Roncana op-C 11th"]
[Site "Santa Eulalia de Roncana"]
[Date "2017.11.11"]
[Round "7.7"]
[White "Melchor Sanchez, Pol"]
[Black "Lambert Pont, Michael"]
[Result "0-1"]
[WhiteElo "1626"]
[BlackElo "1406"]
[PlyCount "136"]
[EventDate "2017.09.23"]
[EventType "swiss"]
[EventRounds "8"]
[EventCountry "ESP"]
[SourceTitle "EXT 2024"]
[Source "ChessBase"]
[SourceDate "2023.10.10"]
[SourceVersion "1"]
[SourceVersionDate "2023.10.10"]
[SourceQuality "1"]

1. e4 d6 2. d4 Nf6 3. Nc3 g6 4. Nf3 Bg7 5. Be3 0-0 6. Be2 Bg4 7. 0-0 Nbd7 8. Qd2 Re8 9. Rad1 Bxf3 10. Bxf3 e5 11. d5 Qe7 12. h3 Rad8 13. Rfe1 Nb6 14. Qd3 c6 15. Bxb6 axb6 16. Qe3 Qc7 17. Na4 cxd5 18. Rc1 dxe4 19. Qxb6 Qxb6 20. Nxb6 exf3 21. gxf3 Nd7 22. Nd5 Nc5 23. Kh1 f5 24. Rcd1 e4 25. b4 Na4 26. f4 Nc3 27. Nxc3 Bxc3 28. Rg1 d5 29. Rg3 d4 30. Kg1 Kf7 31. Kf1 Bxb4 32. Rb3 Bc5 33. Rxb7+ Kf8 34. Rb3 e3 35. fxe3 dxe3 36. Rxd8 Rxd8 37. Rc3 Bd4 38. Rd3 Ke7 39. c3 Bb6 40. Rxd8 Bxd8 41. Ke2 Bb6 42. a4 h5 43. c4 Kd6 44. Kd3 Bd4 45. Ke2 Kc5 46. Kd3 e2 47. Kxe2 Kxc4 48. a5 Kd5 49. Kd3 Bc5 50. Kc3 Ke4 51. Kc4 Bg1 52. a6 Kxf4 53. Kd5 g5 54. Kc4 g4 55. hxg4 fxg4 56. Kd3 h4 57. Ke2 h3 58. Kf1 Ba7 59. Ke2 h2 60. Kd3 h1Q 61. Kc4 Ke5 62. Kb5 Qc1 63. Ka5 Kd5 64. Kb5 Qc5+ 65. Ka4 Qb6 66. Ka3 Kc4 67. Ka2 Qb3+ 68. Ka1 Bd4# 0-1